000 01224aam a2200313 i 4500
001 768714001
003 CO-MdFUSB
005 20230131090351.0
007 ta
008 230131t1986 -us||||| |||| 00| 0 eng d
020 _a0060970278
040 _bspa.
_aCO-MdFUSB
_cCO-MdFUSB
_dCO-MdFUSBC
_erda
041 _aeng
082 0 4 _a306
_223
_bB4357h
100 1 _aBellah, Robert N. (1927-)
_eautor
245 1 0 _aHabits of the heart :
_bindividualism and commitment in American Life
_c/ Robert N. Bellah
264 1 _aNew York, USA :
_bHarper and Row,
_c[1986]
264 4 _c© 1986
300 _a355 páginas
_c; 21 cm
336 _atexto
_btxt
_2rdacontent
337 _2rdamedia
_asin mediación
_bn
338 _2rdacarrier
_avolumen
_bnc
505 _aIntroductorio. La búsqueda de la felicidad. -- Cultura y carácter: la conversación histórica. -- Parte 1. Vida privada. encontrándose a uno mismo. -- Amor y matrimonio. -- Llegar. -- Individualismo. -- Parte 2. Vida pública. Involucrado. -- Ciudadanía. -- Religión la sociedad nacional. -- Transformando la cultura estadounidense
563 _aPasta dura
653 _aIndividualismo
942 _cBK
945 _aJTF-925
999 _c39455
_d39455